Nba Points Leader by Team 2024-2025 - Statistics

General Stats
  • This quiz has been taken 427 times
  • The average score is 25 of 30
Answer Stats
Hint Answer % Correct
Celtics Tatum
99%
Knicks Brunson
95%
Warriors Curry
95%
Hawks Young
94%
Suns Durant
93%
Wolves Edwards
93%
76ers Maxey
93%
Lakers James
92%
Nuggets Jokic
92%
Hornets Ball
91%
Pistons Cunningham
89%
Bucks Giannis
89%
Cavs Mitchell
89%
Mavericks Davis
86%
Kings Lavine
86%
Heat Herro
85%
Pacers Siakam
84%
Wizards Poole
82%
Spurs Fox
81%
Thunder SGA
81%
Magic Wagner
81%
Pelicans Williamson
79%
Grizzlies Jackson
78%
Rockets Green
75%
Raptors Barrett
70%
Clippers Powell
69%
Bulls Vucevic
68%
Nets Johnson
66%
Blazers Simons
60%
Jazz Markkanen
59%
No matching quizzes found
Score Distribution
Percent of People with Each Score
Percentile by Number Answered
Your Score History
You have not taken this quiz